<?xml version="1.0" encoding="UTF-8"?>
<marc:record xmlns:marc="http://www.loc.gov/MARC21/slim">
   <marc:leader>00000nam a2200000 a 4500</marc:leader>
   <marc:datafield ind1="1" ind2=" " tag="100">
      <marc:subfield code="a">Fürmann, Benno</marc:subfield>
   </marc:datafield>
   <marc:datafield ind1="1" ind2=" " tag="100">
      <marc:subfield code="a">Herbst, Christoph Maria</marc:subfield>
   </marc:datafield>
   <marc:datafield ind1="1" ind2=" " tag="100">
      <marc:subfield code="a">Witt, Katharina</marc:subfield>
   </marc:datafield>
   <marc:datafield ind1="1" ind2=" " tag="100">
      <marc:subfield code="a">Loeser, Tony</marc:subfield>
   </marc:datafield>
   <marc:datafield ind1="1" ind2=" " tag="100">
      <marc:subfield code="a">Heine, Helme</marc:subfield>
   </marc:datafield>
   <marc:datafield ind1="0" ind2="0" tag="245">
      <marc:subfield code="a">Beste Freunde</marc:subfield>
   </marc:datafield>
   <marc:datafield ind1="0" ind2="0" tag="245">
      <marc:subfield code="b">die große Mullewapp Edition</marc:subfield>
   </marc:datafield>
   <marc:datafield ind1="0" ind2="0" tag="245">
      <marc:subfield code="c">Reg: Jérôme Enrico</marc:subfield>
   </marc:datafield>
   <marc:datafield ind1=" " ind2="1" tag="264">
      <marc:subfield code="a">Berlin</marc:subfield>
      <marc:subfield code="b">Studiocanal</marc:subfield>
      <marc:subfield code="c">2013</marc:subfield>
   </marc:datafield>
   <marc:datafield ind1="1" ind2=" " tag="520">
      <marc:subfield code="a">Geschichten aus Mullewapp (Deutschland 2010, 130 Min., FSK 0):Der beschauliche Bauernhof "Mullewapp" ist Handlungsort der oft ungewöhnlichen Fälle, die die drei Freunde Waldemar, Franz von Hahn und Johnny Mauser gemeinsam lösen. Wenn sie nicht gerade Fahrrad fahren, dann versuchen sie, das Rätsel um einen Knochen aus der Urzeit zu lösen oder einen Brunnen zu graben. Immer wieder beweisen sie ihren Mut, sollen sie aber den Hühnerstall aufräumen, laufen sie so schnell sie können davon.- Mullewapp - Das große Kinoabenteuer der Freunde (Deutschland/Frankreich/Italien 2009, 73 Min., FSK 0):Die Tiere vom Bauernhof Mullewapp führen ein ganz normales Landleben - bis sie unerwartet Besuch bekommen: Johnny Mauser, nach eigener Aussage ein berühmter Schauspieler, wirbelt den Alltag in Mullewapp kräftig durcheinander. Alle wollen Johnnys lustige Geschichten hören - und halten ihn bald für einen echten Helden. Nur Franz von Hahn ist eingeschnappt, weil Johnny alle um den Finger wickelt, sogar seine Lieblingshenne Marilyn! In den ungewohnten Trubel platzt auf einmal die Nachricht: Das kleine Lämmchen Wolke ist verschwunden, offenbar entführt! Ganz Mullewapp ist entsetzt. Aber immerhin ist ja ein waschechter Held zu Besuch. Zusammen mit Waldemar und Franz wird Johnny prompt zu Wolkes Rettung abkommandiert. Jetzt müssen die drei zusammenhalten. Mit Waldemars Fahrrad machen sie sich auf - und ein großes Abenteuer beginnt...</marc:subfield>
   </marc:datafield>
   <marc:datafield ind1=" " ind2=" " tag="020">
      <marc:subfield code="a">4006680065137</marc:subfield>
      <marc:subfield code="9">4006680065137</marc:subfield>
   </marc:datafield>
   <marc:datafield ind1=" " ind2=" " tag="500">
      <marc:subfield code="a">Sprache: Deutsch</marc:subfield>
   </marc:datafield>
   <marc:datafield ind1="0" ind2=" " tag="490">
      <marc:subfield code="v">0</marc:subfield>
   </marc:datafield>
   <marc:datafield ind1=" " ind2=" " tag="300">
      <marc:subfield code="a">ca. 130 Min.</marc:subfield>
   </marc:datafield>
</marc:record>
